000 01654nam a2200325 a 4500
001 BRCA_3081
005 20190320204113.0
008 270109s1827----fr-#---###---#000-0dfre-u
041 _afre
044 _afr
084 _a389
_b.B378
_c1827
100 1 _aCervantes Saavedra, Miguel de
_d1547-1616
_9213
245 1 0 _aHistoire de Don Quichotte de la Manche
_cMiguel de Cervantes Saavedra ; Traduite de L´Espagnol par Filleau de Saint-Martin.
260 _aParís
_bD´August Barthelemy
_c1827
300 _a6 v.
_c21 cm.
500 _aContenido : v 1. Primera parte. Noticia histórica sobre la vida y obra de Cervantes. Prólogo del autor. Texto. -- v 2. Texto. -- v 3. Segunda parte. Texto. v 4. Texto. -- v 5. Primera parte de la continuación escrita por el traductor. texto. -- v 6. Segunda parte de la continuación escrita por el traductor
500 _aEdición : Précedée d´une Notice Historique sur la Vie et les Ouvrages de Cervantes par Mérimée
500 _aCopia exacta de la edición de Sautelet, que imprimió Barthelemy, en 1826. Semipiel; lomos adornados con dorados Lúdovik Osterc
500 _aQM312
546 _aTexto en : francés
650 1 4 _aNovela española
_yÉpoca clásica, 1500-1700
_9215
650 1 4 _aLiteratura española
_yÉpoca clásica, 1500-1700
_9216
650 1 4 _aNovela española
_ySiglo XVII
_9217
650 1 4 _aDon Quijote (Personaje ficticio)
_eNovela
_9218
700 1 _aSaint-Martin, Francois Filleau de
_d1632-1695
_eTraductor
_98415
700 1 _aMérimée, Prosper
_d1803-1870
_eBiógrafo
_98416
740 0 _aEl Ingenioso Hidalgo Don Quijote de la Mancha
902 _aQFM
942 _2lcc
_cB
999 _c2817
_d2817